000 00410cam a2200169ua 4500
001 4351
008 111224n ii |||gr||||Z||||||asm
040 _cMAIN
082 _a294.5924
100 _aSaikia, Hiranya, ,
245 1 1 _aSree modbhagowadgita
_cby Hiranya Saikia
250 _a1st.
260 _aDibrugarh:
_bAnupam prakashan.
300 _a320p:
_c23cm.
653 _aSree modbhagowadgita
942 _cBK
999 _c4167
_d4167